Polska na tle wybranych krajów w 1989 roku.

V informácii vypracovanej Ústredným plánovacím úradom vo Varšave sa porovnávajú hospodárske výsledky Poľska s krajinami RVHP, USA, Japonska, NSR, Francúzska, V. Británie, Talianska, Rakúska a Španielska za rok 1989. Národný dôchodok a spotreba. Rozpočtový deficit a vnútorná zadlženosť. Investičné ná...

ver descrição completa

Na minha lista:
Detalhes bibliográficos
Autor principal: Zielinska, B.
Formato: Capítulo de Livro
Idioma:polonês
Assuntos:
Tags: Adicionar Tag
Sem tags, seja o primeiro a adicionar uma tag!

MARC

LEADER 00000naa a2200000 4500
001 r002330
005 20220819194501.4
041 0 |a pol 
044 |a PL 
245 1 0 |a Polska na tle wybranych krajów w 1989 roku.  |c B. Zielinska 
520 |a V informácii vypracovanej Ústredným plánovacím úradom vo Varšave sa porovnávajú hospodárske výsledky Poľska s krajinami RVHP, USA, Japonska, NSR, Francúzska, V. Británie, Talianska, Rakúska a Španielska za rok 1989. Národný dôchodok a spotreba. Rozpočtový deficit a vnútorná zadlženosť. Investičné náklady a bytová výstavba. Priemyselná výroba. Poľnohospodárska produkcia. Zahraničný obchod a zahraničná zadlženosť. Zhrnutie. 
610 2 0 |a 1989 
610 2 0 |a PR 
610 2 0 |a svet 
610 2 0 |a rozvoj hospodársky 
610 2 0 |a porovnanie štatistické medzinárodné 
610 2 0 |a dôchodok národný 
610 2 0 |a spotreba 
610 2 0 |a deficit 
610 2 0 |a rozpočet štátny 
610 2 0 |a výstavba bytová 
610 2 0 |a priemysel 
610 2 0 |a poľnohospodárstvo 
610 2 0 |a obchod zahraničný 
610 2 0 |a zadlženosť zahraničná 
100 1 |a Zielinska, B.